000
00250nam a22000977a 4500
999
_c
532263
_d
532263
082
_a
624.1821
_b
MAY
100
_a
Gaylord, Edwar H.
245
_a
Design of steel structures /
942
_2
ddc
_c
BK